000 00493nam a2200157 i 4500
001 55184
003 ES-MaACL
005 20230906163109.0
007 t|
008 030915s1947 ag ||||1| spa d
100 1 _aDelrío, José María A.
_943592
245 1 0 _aQuemaduras
_b: tratamiento /
_cJosé María A. Delrío.
260 _aBuenos Aires :
_bLópez Etchegoyen,
_c1947 (
_fLa Prensa Médica Argentina)
300 _aVIII, 329 p. :
_bil. ;
_c23 cm.
852 _aES-MaACL
_jD-7626
_bR.27117
999 _c55184
_d55184